000 00429nam a2200181Ia 4500
008 210210b1921 xxu||||| |||| 00| 0 eng d
041 _aeng
082 _a823/349
100 _aSHAKESPEARE (William)
245 _aTwo gentlemen of Verona
260 _aCambridge
_bAt the University Press
_c1921
650 _aVerona
650 _aTwo
650 _aof
650 _agentlemen
690 _aEnglish Drama
906 _a013893
999 _c132962
_d132962